Normal view
MARC view
Entry Topical Term
001 - CONTROL NUMBER
- control field: 2178
003 - CONTROL NUMBER IDENTIFIER
- control field: NLI
005 - DATE AND TIME OF LATEST TRANSACTION
- control field: 20210302143408.0
008 - FIXED-LENGTH DATA ELEMENTS
- fixed length control field: 210302|| aca||aabn | a|a d
040 ## - CATALOGING SOURCE
- Original cataloging agency: NLI
- Transcribing agency: NLI
150 ## - HEADING--TOPICAL TERM
- Topical term or geographic name entry element: Blood coagulation disorders
- Form subdivision: Bibliography
670 ## - SOURCE DATA FOUND
- Source citation: Work cat.: (NLI)1531: 880-01, Hemostasis and thrombosis : a bibliography, 1978
